| 000 | 00462nam a2200157Ia 4500 | ||
|---|---|---|---|
| 008 | 210716s2005 xx 000 0 und d | ||
| 020 | _a8178815087 | ||
| 041 | _aeng | ||
| 082 | _a332.7 MRUE | ||
| 100 | _aMrudula, E;Kashyap, V R P. | ||
| 245 |
_aMicrofinance institutions: concepts and experiences. _bconcepts and experiences. |
||
| 260 |
_aIndia _bICFAI University Press _c2005 |
||
| 300 | _a185 | ||
| 650 | _aFinance | ||
| 700 | _aKashyap, V R P.;Mrudula, E | ||
| 999 |
_c202393 _d202393 |
||